ARRUPE JESUIT UNIVERSITY

CORONAVIRUS -STOP THE SPREAD - CLEAN,DISINFECT,COVER

The master and his emissary (Record no. 2386)

MARC details
000 -LEADER
fixed length control field 00640nam a2200205Ia 4500
003 - CONTROL NUMBER IDENTIFIER
control field 0100
008 - FIXED-LENGTH DATA ELEMENTS--GENERAL INFORMATION
fixed length control field 130227s9999 xx 000 0 und d
040 ## - CATALOGING SOURCE
Transcribing agency ARRUPELIB
050 ## - LIBRARY OF CONGRESS CALL NUMBER
Classification number QP385.5.M36 2009
100 ## - MAIN ENTRY--PERSONAL NAME
Personal name McGilchrist, Iain
245 #4 - TITLE STATEMENT
Title The master and his emissary
245 ## - TITLE STATEMENT
Remainder of title the divided brain and the making of the western world
260 ## - PUBLICATION, DISTRIBUTION, ETC. (IMPRINT)
Place of publication, distribution, etc New Haven and London
260 ## - PUBLICATION, DISTRIBUTION, ETC. (IMPRINT)
Name of publisher, distributor, etc Yale University Press
260 ## - PUBLICATION, DISTRIBUTION, ETC. (IMPRINT)
-- 2009
300 ## - PHYSICAL DESCRIPTION
Extent Cerebrum - physiology
300 ## - PHYSICAL DESCRIPTION
Other physical details Cultural evolution Social change - history Western world - history.WL 335 M4775m 2009
650 ## - SUBJECT ADDED ENTRY--TOPICAL TERM
Topical term following geographic name as entry element Psychology - Collected works
942 ## - ADDED ENTRY ELEMENTS (KOHA)
Source of classification or shelving scheme Library of Congress Classification
Koha issues (borrowed), all copies 4
Holdings
Withdrawn status Lost status Source of classification or shelving scheme Damaged status Not for loan Collection code Home library Current library Shelving location Date acquired Total Checkouts Full call number Barcode Date last seen Date last borrowed Copy number Price effective from Koha item type
    Library of Congress Classification     Main Collection ARRUPE LIBRARY ARRUPE LIBRARY   27/02/2013 4 QP385.5.M36 2009 46403234 02/07/2019 06/02/2015 1 27/02/2013 Monograph ( Printed materials)

 

Arrupe Library. PO Box MP320 Mt Pleasant, Harare, Zimbabwe
263 242 745411|librarian@aju.ac.zw